Statistiques concernant Classement Ligue 1 Uber Eats 2022-23

Cliquez ici pour prendre le quiz!

Statistiques générales

  • Ce quiz a été pris 122 fois
  • Le résultat moyen est 18 sur 20

Statistiques - réponses

PlaceClub% Correct
1erPSG
100%
3eOM
99%
7eOL
98%
2eLens
96%
5eLille
95%
16eNantes
95%
4eRennes
95%
6eMonaco
92%
9eNice
91%
13eToulouse
89%
20eAngers
88%
12eMontpellier
87%
8eClermont
86%
15eStrasbourg
86%
11eReims
84%
18eAjaccio
81%
19eTroyes
81%
17eAuxerre
80%
14eBrest
78%
10eLorient
76%

Distribution des résultats

Percentile par nombre de réponses

% des personnes avec chaque résultat

Votre développement - résultats

Vous n’avez pas pris ce quiz